| 000 | 01014nam a2200241 i 4500 | ||
|---|---|---|---|
| 001 | 170570 | ||
| 003 | ES-MaACL | ||
| 005 | 20230906214412.0 | ||
| 007 | t| | ||
| 008 | 090318s1962 fr ||||1| fre d | ||
| 080 | _a821.133.1-2"18" | ||
| 100 | 1 |
_aBalzac, Honoré de, _d1799-1850 _925139 |
|
| 245 | 1 | 0 |
_aOeuvres complètes / _cHonoré de Balzac ; éd. nouvelle établie par La Société des Études Balzaciennes, accompagnées de...notices historiques et critiques et...documentation iconographique..., avec des caractères et ornements de l'Imprimerie de Balzac. |
| 260 |
_aParis : _bClub Mondial du Livre, _c1962. |
||
| 300 |
_a588, [2] p. : _bil. ; _c22 cm. |
||
| 505 | 8 | _aContiene: T. XXIV : La marâtre. Le faiseur. L'école des ménages. | |
| 710 | 2 |
_aSociété des études balzaciennes. _95468 |
|
| 740 | 3 | _aLa marâtre. | |
| 740 | 3 | _aLe faiseur. | |
| 740 | 2 | _aL'école des ménages. | |
| 852 | 4 |
_aES-MaACL _jE-12519 _9R.140128 _z. - Biblioteca Jacinto Martínez Lacalle |
|
| 999 |
_c170570 _d170570 |
||